| 000 | 01525nam a2200373 a 4500 | ||
|---|---|---|---|
| 001 | ebr10680901 | ||
| 003 | CaPaEBR | ||
| 006 | m u | ||
| 007 | cr cn||||||||| | ||
| 008 | 091130s2009 nyud sb 001 0 eng d | ||
| 010 | _z 2009279769 | ||
| 020 | _z1606929364 | ||
| 020 | _z9781606929360 | ||
| 020 | _z9781617284083 (e-book) | ||
| 040 |
_aCaPaEBR _cCaPaEBR |
||
| 035 | _a(OCoLC)666473928 | ||
| 050 | 1 | 4 |
_aTD195.M67 _bE58 2009eb |
| 082 | 0 | 4 |
_a373.731 _223 |
| 245 | 0 | 0 |
_aEnvironmental effects of off-highway vehicles _h[electronic resource] / _cDouglas S. Ouren ... [et al.]. |
| 260 |
_aNew York : _bNova Science Publishers, _cc2009. |
||
| 300 |
_a229 p. : _bcol. ill. |
||
| 490 | 1 | _aEnvironmental science, engineering and technology series | |
| 504 | _aIncludes bibliographical references (p. [87]-200) and index. | ||
| 533 |
_aElectronic reproduction. _bPalo Alto, Calif. : _cebrary, _d2013. _nAvailable via World Wide Web. _nAccess may be limited to ebrary affiliated libraries. |
||
| 650 | 0 |
_aMotorsports _xEnvironmental aspects. |
|
| 650 | 0 |
_aMotorsports _xEconomic aspects. |
|
| 650 | 0 |
_aOff-road vehicles _xEnvironmental aspects. |
|
| 650 | 0 |
_aOff-road vehicles _xEconomic aspects. |
|
| 655 | 7 |
_aElectronic books. _2local |
|
| 700 | 1 | _aOuren, Douglas S. | |
| 710 | 2 | _aebrary, Inc. | |
| 830 | 0 | _aEnvironmental science, engineering and technology series. | |
| 856 | 4 | 0 |
_uhttp://site.ebrary.com/lib/rucke/Doc?id=10680901 _zAn electronic book accessible through the World Wide Web; click to view |
| 999 |
_c156555 _d156555 |
||